[Event "AUTO-INT-3526"]
[Site "http://www.queenalice.com/game.php?id=1608601"]
[Date "2020.4.20"]
[Round "1"]
[White "Frost"]
[Black "SamuraiJOM"]
[Result "0-1"]
[WhiteElo "1626"]
[BlackElo "1739"]

1. e4 e5 2. d3 Nc6 3. h4 Nf6 4. Be3 d5 5. f3 b6 6. d4 dxe4 7. Ne2 exf3 8. gxf3
Nd5 9. Bg5 Nce7 10. dxe5 Bf5 11. Nd4 Bd7 12. c4 h6 13. Bd2 Nf5 14. Nxf5 Ne7 15.
Nxe7 Bxe7 16. Nc3 c6 17. f4 c5 18. Nd5 Bxh4+ 19. Ke2 Bg4+ 0-1

[Event "AUTO-ADV-4330"]
[Site "http://www.queenalice.com/game.php?id=1608634"]
[Date "2020.4.20"]
[Round "1"]
[White "Frost"]
[Black "oevidalr"]
[Result "1-0"]
[WhiteElo "1659"]
[BlackElo "1928"]

1. e4 e5 2. Bc4 Nf6 3. Nc3 Bc5 4. Nf3 h6 5. Nxe5 Ng8 6. Qh5 g6 7. Bxf7+ Kf8 8.
Qxg6 Qf6 9. Qxf6 Nxf6 10. d3 d6 11. Ng6+ Kxf7 12. Nxh8+ Kg7 13. O-O Kxh8 14.
Bxh6 Be6 15. Rae1 Nbd7 16. Nb5 Bb6 17. Re3 Bxe3 18. fxe3 Rg8 19. Nxc7 Bxa2 20.
Rf5 Ng4 21. Bf4 Bb1 22. Rh5+ Kg7 23. Ne6+ Kf6 24. Nd4 Ke7 25. Rh7+ Kf6 26. Rxd7
Rc8 27. Rxd6+ Ke7 28. Nf5+ Kf8 29. c4 b5 30. h3 Bxd3 31. Rxd3 bxc4 32. Rc3 Nf6
33. Nd6 Rb8 34. Rxc4 Rxb2 35. Rc8+ Ke7 36. e5 Nd5 37. Bg5+ Ke6 38. Re8+ Kd7 39.
e4 Nc7 40. Re7+ Kc6 41. Kh2 a5 42. Nc4 Ra2 43. e6 a4 44. Ne5+ Kd6 45. h4 Kxe5
46. Rxc7 Kxe6 47. h5 Rf2 48. h6 Rf8 49. h7 Rh8 50. Re7+ Kd6 51. Bf6 Rf8 52. Rb7
a3 53. Be7+ Kc6 54. Bxf8 Kxb7 55. h8=Q a2 56. Qa1 1-0

[Event "AUTO-ADV-4330"]
[Site "http://www.queenalice.com/game.php?id=1608635"]
[Date "2020.4.20"]
[Round "1"]
[White "oevidalr"]
[Black "Frost"]
[Result "1-0"]
[WhiteElo "1793"]
[BlackElo "1657"]

1. e4 e5 2. Nf3 Nc6 3. Nc3 d6 4. h3 Nf6 5. Bb5 a6 6. Bxc6+ bxc6 7. d4 exd4 8.
Nxd4 Bd7 9. O-O c5 10. Nf3 c4 11. e5 dxe5 12. Nxe5 Bd6 13. Nxc4 Bc5 14. Re1+ Kf8
15. a3 Bf5 16. Qf3 Bxc2 17. Re2 Ra7 18. Rxc2 Bd4 19. Rd2 c5 20. b4 Re7 21. Bb2
Qe8 22. bxc5 Re1+ 23. Kh2 Qb8+ 24. g3 Rxa1 25. Bxa1 Bxc5 26. Rb2 Qe8 27. Re2 Qd8
28. Rd2 Qe8 29. Na4 Qxa4 30. Rd8+ Ne8 31. Qg4 f6 32. Qe6 Be7 33. Rd7 1-0

[Event "AUTO-ADV-4330"]
[Site "http://www.queenalice.com/game.php?id=1608636"]
[Date "2020.4.20"]
[Round "1"]
[White "Frost"]
[Black "CERVERO"]
[Result "0-1"]
[WhiteElo "1646"]
[BlackElo "1760"]

1. e4 c5 2. Bb5 a6 3. Bc4 Nc6 4. Qf3 e6 5. Ne2 Ne5 6. Qc3 b5 7. Qxe5 bxc4 8.
Nbc3 d6 9. Qf4 Nf6 10. e5 Nd5 11. Nxd5 exd5 12. exd6 Bxd6 13. Qe3+ Qe7 14. Qxe7+
Bxe7 15. d4 O-O 16. c3 Re8 17. Bf4 cxd4 18. cxd4 Bf6 19. O-O Rxe2 20. b3 Bd7 21.
Be3 Bb5 22. bxc4 Bxc4 23. a4 Rb8 24. Rfe1 Rxe1+ 25. Rxe1 h6 26. a5 Rb5 27. Ra1
Bd8 28. Bd2 Bf6 29. Re1 Rb8 30. Bf4 Rc8 31. Be5 Bxe5 32. dxe5 d4 33. Rc1 Be6 34.
Rxc8+ Bxc8 35. Kf1 Be6 36. Ke1 d3 37. f4 Bc4 38. f5 Kf8 39. g4 Ke7 40. h4 Kd7
41. g5 Kc6 42. g6 fxg6 43. fxg6 Kd5 44. Kd2 Kxe5 45. Kc3 Bb5 46. Kd2 Kf6 47. Kc3
Kxg6 48. Kd2 Kh5 49. Kc3 Kxh4 50. Kd2 Kg3 51. Kc3 h5 52. Kd2 Kf2 53. Kc3 Ke2 0-1

[Event "AUTO-ADV-4330"]
[Site "http://www.queenalice.com/game.php?id=1608637"]
[Date "2020.4.20"]
[Round "1"]
[White "CERVERO"]
[Black "Frost"]
[Result "1-0"]
[WhiteElo "1779"]
[BlackElo "1593"]

1. e4 e5 2. Nf3 Nc6 3. Bc4 Nh6 4. d3 Bb4+ 5. c3 Bc5 6. O-O f6 7. h3 Na5 8. Bb5
c6 9. Ba4 b5 10. Bc2 O-O 11. b4 Bxf2+ 12. Rxf2 Nb7 13. Bxh6 gxh6 14. Qe2 d5 15.
Nbd2 d4 16. cxd4 exd4 17. Raf1 Nd6 18. Nh2 Ne8 19. e5 Be6 20. exf6 Rxf6 21. Rxf6
Nxf6 22. Qxe6+ Kg7 23. Bb3 Rc8 24. Qf7+ 1-0

[Event "AUTO-ADV-4330"]
[Site "http://www.queenalice.com/game.php?id=1608638"]
[Date "2020.4.20"]
[Round "1"]
[White "Frost"]
[Black "saida"]
[Result "1-0"]
[WhiteElo "1634"]
[BlackElo "1818"]

1. e4 e6 2. e5 d5 3. d4 Bb4+ 4. c3 Ba5 5. b4 Bb6 6. Bb5+ c6 7. Ba4 Ne7 8. Bg5
O-O 9. Qh5 g6 10. Qh6 Nf5 11. Bxd8 Nxh6 12. Be7 Re8 13. Bg5 Nf5 14. f4 Bd8 15.
Nf3 Ne3 16. g3 b5 17. Bb3 Rf8 18. Bf6 a5 19. bxa5 Rxa5 20. Kf2 Nf5 21. a4 c5 22.
dxc5 bxa4 23. Bxa4 Bd7 24. Bxd8 Rxd8 25. Bxd7 Rxa1 26. Bb5 Ra2+ 27. Ke1 Rb2 28.
Bd3 Nc6 29. Nbd2 Ne3 30. Ke2 Nc4 31. Rb1 Rxb1 32. Nxb1 Nb2 33. Bb5 d4 34. Bxc6
d3+ 35. Kd2 Rc8 36. Nd4 Kg7 37. h4 Nc4+ 38. Kxd3 Na5 39. Bd7 Rxc5 40. Ke4 f5+
41. exf6+ Kxf6 42. Nxe6 Rc4+ 43. Kd3 Ke7 44. Bb5 Rc8 45. Nd4 Kf6 46. Nd2 Nb7 47.
Ne4+ Ke7 48. Nc6+ Rxc6 49. Bxc6 1-0

[Event "AUTO-ADV-4330"]
[Site "http://www.queenalice.com/game.php?id=1608639"]
[Date "2020.4.20"]
[Round "1"]
[White "saida"]
[Black "Frost"]
[Result "0-1"]
[WhiteElo "1811"]
[BlackElo "1642"]

1. e4 e5 2. f4 exf4 3. d4 Qh4+ 4. Ke2 d5 5. Nf3 Qg4 6. Nd2 Nc6 7. c3 dxe4 8. h3
Qg3 9. Nxe4 Qg6 10. Qd3 Bf5 11. Qe3 fxe3 0-1

[Event "AUTO-OPEN-4164"]
[Site "http://www.queenalice.com/game.php?id=1608757"]
[Date "2020.4.22"]
[Round "1"]
[White "Frost"]
[Black "ricardoguevara"]
[Result "1-0"]
[WhiteElo "1657"]
[BlackElo "1450"]

1. e4 e5 2. Nf3 d6 3. Bb5+ Bd7 4. Bxd7+ Qxd7 5. d4 Nf6 6. d5 g6 7. Nc3 Bg7 8.
Bg5 O-O 9. O-O c6 10. dxc6 bxc6 11. b4 d5 12. Nxe5 Qd6 13. Qd4 Nbd7 14. Nxd7
Nxd7 15. Qe3 dxe4 16. Rab1 Bf6 17. Nxe4 Qxb4 18. Rxb4 Rab8 19. Rxb8 Bxg5 20.
Rxf8+ Nxf8 21. Qxg5 Ne6 22. Qh6 Nd4 23. Nf6+ Kh8 24. Qxh7# 1-0

[Event "AUTO-OPEN-4164"]
[Site "http://www.queenalice.com/game.php?id=1608758"]
[Date "2020.4.22"]
[Round "1"]
[White "ricardoguevara"]
[Black "Frost"]
[Result "0-1"]
[WhiteElo "1438"]
[BlackElo "1686"]

1. e4 e5 2. Nf3 Nc6 3. g3 Nf6 4. Bg2 Nxe4 5. O-O d5 6. d3 Nf6 7. Bg5 h6 8. Bxf6
gxf6 9. c3 d4 10. cxd4 exd4 11. Qe2+ Be7 12. Nbd2 Bf5 13. Rae1 Qd5 14. a4 O-O-O
15. Nxd4 Qxd4 16. Nf3 Qxa4 17. Ra1 Qb3 18. Nd2 Qxb2 19. Bxc6 bxc6 20. Rxa7 Rhe8
21. g4 Bc5 22. Ra5 Rxe2 23. Ra8+ Kd7 24. Rxd8+ Kxd8 25. Nc4 Qd4 26. Rb1 Qxf2+
27. Kh1 Qg2# 0-1

[Event "AUTO-OPEN-4164"]
[Site "http://www.queenalice.com/game.php?id=1608759"]
[Date "2020.4.22"]
[Round "1"]
[White "Frost"]
[Black "Asspain"]
[Result "0-1"]
[WhiteElo "1630"]
[BlackElo "2174"]

1. e4 Nf6 2. e5 Nd5 3. d4 d6 4. Bb5+ Bd7 5. Bxd7+ Qxd7 6. Nf3 Qb5 7. Nc3 Nxc3 8.
bxc3 dxe5 9. dxe5 e6 10. Nd4 Qxe5+ 11. Be3 Bd6 12. O-O Qxh2# 0-1

[Event "AUTO-OPEN-4164"]
[Site "http://www.queenalice.com/game.php?id=1608760"]
[Date "2020.4.22"]
[Round "1"]
[White "Asspain"]
[Black "Frost"]
[Result "1-0"]
[WhiteElo "2175"]
[BlackElo "1628"]

1. e4 e5 2. Nf3 Nc6 3. Be2 Nd4 4. Nxd4 exd4 5. d3 Bb4+ 6. Bd2 Bxd2+ 7. Qxd2 d5
8. Qb4 dxe4 9. dxe4 a5 10. Qa3 Qg5 11. Nd2 Qxg2 12. Bf3 Qg5 13. O-O-O b5 14. e5
b4 15. Qd3 Qxe5 16. Rhe1 1-0

[Event "AUTO-OPEN-4164"]
[Site "http://www.queenalice.com/game.php?id=1608761"]
[Date "2020.4.22"]
[Round "1"]
[White "Frost"]
[Black "RaelAbdala"]
[Result "1-0"]
[WhiteElo "1607"]
[BlackElo "1335"]

1. e4 c5 2. e5 d5 3. exd6 Qxd6 4. Bb5+ Bd7 5. c4 Nf6 6. Qb3 Nc6 7. Ne2 a6 8.
Bxc6 Bxc6 9. Qg3 e5 10. f4 Ne4 11. Qe3 exf4 12. Qxf4 Qg6 13. g3 Bd6 14. Qe3 O-O
15. Nbc3 Nxc3 16. bxc3 Bxh1 17. Rb1 1-0

[Event "AUTO-OPEN-4164"]
[Site "http://www.queenalice.com/game.php?id=1608762"]
[Date "2020.4.22"]
[Round "1"]
[White "RaelAbdala"]
[Black "Frost"]
[Result "0-1"]
[WhiteElo "1412"]
[BlackElo "1598"]

1. Nf3 Nc6 2. e4 e5 3. Bc4 Bc5 4. b4 Nxb4 5. Bxf7+ Kxf7 6. Nxe5+ Ke8 7. c3 Nc6
8. Qh5+ g6 9. Nxg6 Nf6 10. Qxc5 Nxe4 11. Qf5 Ne7 12. Qe5 Rg8 0-1

[Event "Challenge"]
[Site "http://www.queenalice.com/game.php?id=1608987"]
[Date "2020.4.23"]
[Round "-"]
[White "jw16js"]
[Black "Frost"]
[Result "1-0"]
[WhiteElo "1473"]
[BlackElo "1615"]

1. e4 e5 2. Nf3 Nc6 3. Bc4 Bc5 4. g3 g5 5. g4 f6 6. Nc3 Na5 7. Bxg8 Rxg8 8. a3
b6 9. b4 Bd6 10. bxa5 bxa5 11. Bb2 Ba6 12. d3 Qb8 13. Qd2 Qxb2 14. O-O Bxa3 15.
Rab1 1-0

[Event "Challenge"]
[Site "http://www.queenalice.com/game.php?id=1609431"]
[Date "2020.4.26"]
[Round "-"]
[White "marcomasao"]
[Black "Frost"]
[Result "0-1"]
[WhiteElo "1990"]
[BlackElo "1612"]

1. e4 e5 2. Bc4 Nf6 3. Nc3 c5 4. Nf3 Nc6 5. Qe2 Nd4 6. Nxd4 cxd4 7. Nd5 Nxd5 8.
Bxd5 Qg5 9. Qf3 f6 10. a3 Qf4 11. Qe2 d6 12. d3 Qh4 13. Bd2 Bg4 14. Qf1 Rb8 15.
g3 Qh3 16. Qxh3 Bxh3 17. Bc4 Be7 18. Bd5 b5 19. b4 Bg2 20. Rg1 Bf3 21. Bc6+ Kf8
22. Bd5 Rc8 23. Ra2 h5 24. h4 g5 25. Bb3 Rh6 26. hxg5 fxg5 27. a4 bxa4 28. Rxa4
h4 29. gxh4 Rxh4 30. Bxg5 Bxg5 31. Rxg5 Rh1+ 32. Kd2 Rd1# 0-1

[Event "Challenge"]
[Site "http://www.queenalice.com/game.php?id=1609432"]
[Date "2020.4.26"]
[Round "-"]
[White "Frost"]
[Black "marcomasao"]
[Result "0-1"]
[WhiteElo "1665"]
[BlackElo "1960"]

1. e4 e5 2. Bc4 Bc5 3. Qf3 Nf6 4. Nc3 Nc6 5. Nd5 Nd4 6. Qc3 Nxd5 7. exd5 d6 8.
b4 Bb6 9. Ne2 Bf5 10. Nxd4 Bxd4 11. Qg3 Bxa1 12. Qxg7 Rf8 13. c3 Qd7 14. O-O
O-O-O 15. f4 Rg8 16. Qf6 Rg6 17. Qh4 Rdg8 18. g3 Rg4 19. Qh3 Rxf4 20. Qg2 Be4
21. Qe2 Rfg4 22. Kf2 h5 23. Qe3 Kb8 24. Ba3 Qa4 25. Rxa1 Qxa3 26. Qe1 h4 27. h3
Rxg3 28. Qxe4 Qb2 29. Qe1 Rg2+ 30. Ke3 R8g3+ 31. Ke4 Rxh3 32. Qd1 Rxd2 33. Qh5
Qc2+ 0-1

[Event "Challenge"]
[Site "http://www.queenalice.com/game.php?id=1611174"]
[Date "2020.5.7"]
[Round "-"]
[White "marcomasao"]
[Black "Frost"]
[Result "1-0"]
[WhiteElo "1953"]
[BlackElo "1661"]

1. e4 e5 2. Bc4 Nf6 3. Nc3 Nc6 4. Nf3 Bc5 5. Qe2 Bd4 6. Nxd4 Nxd4 7. Qd3 g5 8.
Ne2 Nxe2 9. Qxe2 d5 10. exd5 Nxd5 11. Qxe5+ 1-0

[Event "Challenge"]
[Site "http://www.queenalice.com/game.php?id=1611175"]
[Date "2020.5.7"]
[Round "-"]
[White "Frost"]
[Black "marcomasao"]
[Result "0-1"]
[WhiteElo "1635"]
[BlackElo "1959"]

1. e4 e5 2. Nf3 Nc6 3. Nc3 Bc5 4. Nd5 Nf6 5. h3 d6 6. c4 Nxd5 7. cxd5 Nd4 8.
Nxd4 Bxd4 9. Qa4+ Bd7 10. Qb4 b6 11. Bb5 Bc5 12. Qc4 Qe7 13. d3 O-O 14. Qa4 Bxb5
15. Qxb5 a6 16. Qc6 Bd4 17. O-O b5 18. a4 Rfb8 19. axb5 Ra7 20. bxa6 Rb6 21. Qc4
Qd8 22. Ra2 Qa8 23. b4 Qb8 24. Ra4 Qc8 25. g4 Rbxa6 26. Rxa6 Rxa6 27. b5 Ra7 28.
Kg2 Bc5 29. f4 Qa8 30. Rf2 Bxf2 31. Kxf2 f6 32. fxe5 fxe5 33. Kg3 Qb7 34. Qc6
Qb8 35. Bg5 Ra3 36. Qc4 Qa7 37. Qc6 Qg1+ 38. Kh4 Qf2+ 39. Kh5 g6+ 0-1

[Event "Challenge"]
[Site "http://www.queenalice.com/game.php?id=1611931"]
[Date "2020.5.12"]
[Round "-"]
[White "Frost"]
[Black "marcomasao"]
[Result "0-1"]
[WhiteElo "1670"]
[BlackElo "1986"]

1. b3 e5 2. e4 Bc5 3. Qf3 Nf6 4. Nc3 Nc6 5. Qg3 g6 6. Nf3 Qe7 7. Qg5 h6 8. Qg3
d6 9. Nd5 Nxd5 10. exd5 Nd4 11. Nxd4 Bxd4 12. c3 Bb6 13. Be2 Bd7 14. a4 a5 15.
Bb5 c6 16. dxc6 bxc6 17. Qf3 e4 18. Qe2 cxb5 19. axb5 d5 20. b4 a4 21. Ba3 h5
22. c4 dxc4 23. Qxc4 O-O 24. Qc3 Rac8 25. Qg3 Bxb5 26. Rc1 Rxc1+ 27. Bxc1 Qxb4
28. Qa3 Qb1 29. Qb2 Qd3 30. Kd1 Qe2+ 31. Kc2 Rc8+ 32. Kb1 Qd3+ 0-1

[Event "Challenge"]
[Site "http://www.queenalice.com/game.php?id=1616053"]
[Date "2020.6.11"]
[Round "-"]
[White "marcomasao"]
[Black "Frost"]
[Result "1-0"]
[WhiteElo "1950"]
[BlackElo "1678"]

1. e4 e5 2. Bc4 Qg5 3. Qf3 Nf6 4. Nc3 b6 5. d3 Qg4 6. Qxg4 Nxg4 7. h3 Nf6 8. Nf3
d6 9. Be3 Bb7 10. a3 c5 11. Bd2 Nc6 12. Nd5 Nxd5 13. Bxd5 Be7 14. h4 f6 15. g4
h5 16. g5 g6 17. b3 f5 18. exf5 gxf5 19. g6 Nd4 20. Bxb7 Nxc2+ 21. Ke2 Rb8 22.
Bc6+ Kf8 23. Ra2 Nd4+ 24. Nxd4 exd4 25. Rg1 Kg7 26. Bd5 Bxh4 27. Bf4 Rbe8+ 28.
Kd1 Rhf8 29. Bxd6 Rf6 30. Bf7 Rc8 31. Be5 Rc6 32. Bxf6+ Bxf6 33. f3 Rc7 34. a4
Rxf7 35. gxf7+ Kxf7 36. Rh2 h4 37. Rgh1 a6 38. Rxh4 Bxh4 39. Rxh4 Kg6 40. Rh8
Kg5 41. Ra8 a5 42. Rb8 Kf4 43. Ke2 Ke5 44. Rxb6 f4 45. Rb5 Kd6 46. Rxa5 Kc6 47.
Rb5 Kd6 48. Kf2 Kc6 49. Kg2 Kd6 50. a5 Kc6 51. Rb6+ Kc7 52. Kh3 1-0

[Event "Challenge"]
[Site "http://www.queenalice.com/game.php?id=1616054"]
[Date "2020.6.11"]
[Round "-"]
[White "Frost"]
[Black "marcomasao"]
[Result "0-1"]
[WhiteElo "1667"]
[BlackElo "1987"]

1. e4 e5 2. Nf3 Nc6 3. Bc4 Bc5 4. O-O Qf6 5. d3 h6 6. a3 d6 7. b4 Bb6 8. Be3 Be6
9. Bxe6 Qxe6 10. c4 a6 11. Qa4 Nf6 12. b5 Ne7 13. Bxb6 cxb6 14. bxa6+ Nc6 15. a7
Rxa7 16. Qb3 Nh5 17. Qxb6 Nf4 18. Nbd2 Qg4 19. Ne1 O-O 20. g3 Qg5 21. h4 Qg4 22.
Nef3 g5 23. Qc7 gxh4 24. Nxh4 Nd4 25. Qxd6 Nde2+ 0-1

[Event "Challenge"]
[Site "http://www.queenalice.com/game.php?id=1619882"]
[Date "2020.7.10"]
[Round "-"]
[White "Frost"]
[Black "marcomasao"]
[Result "1-0"]
[WhiteElo "1673"]
[BlackElo "1954"]

1. e4 e5 2. Nf3 Nc6 3. Bb5 Qf6 4. d3 Bc5 5. Nc3 a6 6. Bc4 b5 7. Bb3 h6 8. Nd5
Qd8 9. c3 Nf6 10. O-O Nxd5 11. exd5 Na5 12. Bc2 Bd6 13. b4 Nb7 14. Re1 Qe7 15.
d4 f6 16. Nh4 Rg8 17. Bh7 Rh8 18. Ng6 Qf7 19. Nxh8 Qxd5 20. Bf4 Na5 21. Be4 Qg8
22. Bxa8 Qxh8 23. dxe5 g5 24. exd6+ Kf8 25. Qh5 c6 26. Qe8+ Kg7 27. Re7# 1-0

[Event "Challenge"]
[Site "http://www.queenalice.com/game.php?id=1623628"]
[Date "2020.8.13"]
[Round "-"]
[White "marcomasao"]
[Black "Frost"]
[Result "1-0"]
[WhiteElo "2014"]
[BlackElo "1704"]

1. e4 e6 2. Bc4 d5 3. exd5 exd5 4. Bb3 Be6 5. Qe2 Nc6 6. Nf3 Na5 7. Ba4+ Nc6 8.
c3 Bd6 9. d4 Nf6 10. Be3 O-O 11. h3 h6 12. Nbd2 h5 13. Bxc6 bxc6 14. g3 Kh8 15.
Ng5 Bf5 16. g4 Bg6 17. gxh5 Nxh5 18. O-O-O Nf4 19. Bxf4 1-0

[Event "Challenge"]
[Site "http://www.queenalice.com/game.php?id=1624203"]
[Date "2020.8.19"]
[Round "-"]
[White "Frost"]
[Black "marcomasao"]
[Result "0-1"]
[WhiteElo "1700"]
[BlackElo "2018"]

1. d4 d5 2. Nf3 Bf5 3. Be3 Nc6 4. Nc3 Nb4 5. Rc1 Qd6 6. Ne5 f6 7. Nd3 h5 8. Nb5
Nxd3+ 9. exd3 Qc6 10. c4 O-O-O 11. Nxa7+ Kd7 12. Nxc6 bxc6 13. cxd5 cxd5 14.
Qa4+ Ke6 15. Rxc7 Nh6 16. Bxh6 Rxh6 0-1